Statistics for Better Call Saul Trivia #T

Click here to take the quiz!

General Stats

  • This quiz has been taken 16 times
  • The average score is 8 of 15

Answer Stats

HintAnswer% Correct
Psycho cartel memberTuco Salamanca
90%
The Kettlemans are found in a __ in their "backyard"Tent
80%
Zafira Anejo is an example of this alcoholic drinkTequila
80%
Henchmen of GusTyrus Kitt
80%
Mike attacks a __ owned by the SalamancasTruck
70%
Chuck hides this from Jimmy under a bit of foilTape recorder
60%
Jimmy and Gus meet by Jimmy searching his watch in the __ __Trash bin
60%
Jimmys alias' Gene surnameTakavic
50%
Furniture company owned by Krazy-8/ Domingos DadTampico
40%
Jimmys excuse when Mike calls him, is that he is in a __, he isnt though.Tunnel
40%
Who gets recognized and teams up with a __ __Taxi driver
30%
Lalo kills an employee of this storeTravelWire
30%
Episode in Season 4Talk
20%
Gus gifts Don Eladio this item with Los Pollos Hermanos brandingT-Shirt
20%
Location where Mesa Verde wants to build a CallcenterTucumcari
20%

Score Distribution

Percentile by Number Answered

Percent of People with Each Score

Your Score History

You have not taken this quiz